Представление документа в формате RUSMARC

ПолеНазваниеЗначение
  Тип записи a
  Библиографический уровень c
001 Контрольный номер RU/SLIB/B/208781619
005 Дата корректировки 20201206204344.4
010 Индекс ISBN __
d Цена 1-55
101 Язык документа __
a Язык текста rus
200 Заглавие и сведения об ответственности 1_
a Заглавие Повести и рассказы, 1924-1933
e Сведения, относящиеся к заглавию в 8 т.
f Первые сведения об ответственности В. В. Иванов ; под ред. Т. В. Ивановой [и др.] ; коммент. Е. Краснощековой
b Общее обозначение материала Текст
210 Выходные данные __
a Место издания М.
c Издательство Худож. лит.
d Дата издания 1974
215 Физическое описание __
a Объем 527 с.
327 Примечание о содержании __
a Примечание о содержании Похождения портного Фокина
330 Аннотация __
a Аннотация Все произведения рисуют мирный созидательный труд советского народа.
461 Уровень набора __
1 2001
a Собрание сочинений
v Т. 3
606 Тематические рубрики __
a Основная рубрика Художественная литература
z Хронологическая подрубрика 20 в.
y Географическая подрубрика Россия
606 Тематические рубрики __
a Основная рубрика Русская литература XX в. (произведения)
610 Ключевые слова __
a Ключевые слова прозаики; проза; повести; рассказы; советская литература; советский народ; тема труда
686 Индексы других классификаций __
a Классификационный индекс 84(2Рос=Рус)6-4
700 Автор _1
a Фамилия Иванов
b Имя В. В.
4 Код отношения 070
702 Вторичная интеллектуальная ответственность _1
a Фамилия Иванова
b Имя Т. В.
4 Код отношения Редактор
4 Код отношения 340
702 Вторичная интеллектуальная ответственность _1
a Фамилия Краснощекова
b Имя Е.
4 Код отношения Комментатор
4 Код отношения 210
801 Источник записи _0
a Страна RU
b Организация Муниципальное бюджетное учреждение культуры "Централизованная библиотечная система" г. Сургут (Центральная городская библиотека им. А. С. Пушкина)
g Правила каталогизации КиК/Чорнонос Е.В.
801 Источник записи _1
a Страна RU
b Организация Муниципальное бюджетное учреждение культуры "Централизованная библиотечная система" г. Сургут (Центральная городская библиотека им. А. С. Пушкина)
g Правила каталогизации КиК/Чорнонос Е.В.
852 Данные о местонахождении __
j Шифр хранения 84(2Рос=Рус)6-4
i Авторский знак И 20
p Инвентарный номер 35169(с)
901 Тип документа 1_
t Тип документа x
969 Тип издания __
a Тип издания сборник
990 Данные о заказе (DOS) __
j Количество экземпляров (DOS) 1
t N записи в КСУ для И/У (DOS) ретро